000 00685nam a2200193Ia 4500
003 GCL
008 140319s9999 xx 000 0 ara d
040 _aGCL /
_cGCL
082 0 4 _a419
_bك ت
100 1 _aابن كمال باشا : شمس الدين احمد بن سليمان الرومى
245 1 0 _aالتنبية على غلط الجاهل والنبية /
_cابن كمال باشا : شمس الدين احمد بن سليمان الرومى
700 1 _aمحمد سواعى (تحقيق)
300 _a130 ص
490 _a
650 0 4 _aاللغة العربية
650 0 4 _aقواعد الاملاء والهجاء
650 0 4 _aالاخطاء
942 _2ddc
_cBK
999 _c44305
_d44305